000 00967cab a22002175a 4500
001 L144849
008 080813s2008 xxkad f s 000 0 eng d
035 _a(Sirsi) u144849
041 0 _aeng
110 2 _aJones Lang LaSalle
_93755
245 0 0 _aReal estate transparency index
_bJuly 2008
_h[electronic resource]
260 _aLondon
_bJLL
_c2008
490 0 _aJones Lang LaSalle Real Estate Transparency Index
_vJuly 2008
520 _aExamines real estate market transparency in 56 global markets, with commentary on key markets. Emerging markets have significantly improved their levels of real estate transparency, according to this set of Index results.
590 _aKA
650 2 4 _aJONES LANG LASALLE REAL ESTATE TRANSPARENCY INDEX
651 4 _aInternational
690 _aPROPERTY-COMMERCIAL PROPERTY-COMMERCIAL PROPERTY MARKET
856 4 0 _uhttps://www.joneslanglasalle.com
_zView the item free of charge at www.joneslanglasalle.com...
942 _n0
999 _c80613
_d80613